Virtual medical office for Beik: health insurance today : a practical approach

Salvato in:
Dettagli Bibliografici
Autore principale: SMITH, Linda
Natura: Libro
Lingua:inglese
Pubblicazione: , Elsevier 2011
Tags: Aggiungi Tag
Nessun Tag, puoi essere il primo ad aggiungerne!!

MARC

LEADER 00000nam a22000007a 4500
008 210122b ||||| |||| 00| 0 eng d
020 |a : 978-1-4377-1773-0 
100 |a SMITH, Linda 
245 |a Virtual medical office for Beik: health insurance today  |b : a practical approach  |c Linda Smith 
250 |b 3rd  |c Janet Beik.-  
260 |b , Elsevier  |c 2011  |h USA  |i 680567  |l HG9386.5 .Sm5  |m Insurance, Health – United States – Study guides  |m Forms and records control – Methods – United States – Study guides  |m Medical records systems, Computerized–United States – Study guides. 
942 |a lcc  |c BK  |e Mr ogunleye 
952 |0 0  |1 0  |2 lcc  |4 0  |6 HD00587 N47  |7 0  |9 1612  |a HOL  |b HOL  |d 2021-01-22  |l 0  |o HD58.7 .N47  |p 2021-0400  |r 2021-01-22 00:00:00  |w 2021-01-22  |y BK 
999 |c 854  |d 854